Alfabeto fonético de la OTAN - ¡Muerte Súbita! - Estadísticas

Estadísticas generales
  • Esta prueba ha sido intentada 319 veces
  • La puntuación promedio es 10 de 26
Answers on the Grid
Answers color-coded by a green-red scale on the quiz's grid according to % correct below.
Able
Adán
Alfa
Baker
Bravo
Bruise
Charlie
Cold
Cork
David
Delta
Denver
Easy
Echo
Edward
Fox
Foxtrot
Frozen
George
Gold
Golf
Henry
Hotel
House
Ice
India
Italy
Japan
John
Juliett
Kilo
King
Kosher
Love
Lima
Lincoln
Mary
Mexico
Mike
Nasty
Nora
November
Ocean
Opera
Oscar
Papa
Paris
Polish
Quebec
Queen
Quick
Roger
Rome
Romeo
Sand
Sierra
Sonar
Tango
Tomás
Tracia
Uganda
Uniform
Unión
Vector
Victor
Visión
Waterloo
Whiskey
Win
Xenón
Xilófono
Xray
Yankee
Yendo
York
Zebra
Zoom
Zulú
 
Estadísticas de respuestas
Respuesta % Correcto
Alfa
95%
Bravo
81%
Delta
81%
Charlie
80%
Echo
65%
Foxtrot
47%
Golf
39%
Hotel
36%
Kilo
35%
India
34%
Lima
31%
November
30%
Juliett
29%
Mike
27%
Oscar
26%
Papa
23%
Quebec
21%
Romeo
21%
Sierra
21%
Tango
21%
Whiskey
20%
Yankee
20%
Zulú
20%
Uniform
19%
Victor
19%
Xray
19%
No se encontraron pruebas coincidentes
Distribución de puntuación
Porcentaje de gente con cada puntuación
Porcentaje por número respondido
Historial de tus puntuaciones
No has intentado esta prueba.